banner-ar

المقاتل المغولى فى التاريخ العسكرى / (Record no. 65308)

MARC details
000 -الفاتح
حقل البيانات ثابتة الطول 05864nam a22002417a 4500
005 - وقت وتاريخ اخر تعامل مع التسجيلة
رقم الضبط 20240530110818.0
008 - عناصر البيانات ثابتة الطول - معلومات عامة
حقل البيانات ثابتة الطول 190704s2019 ua g b 00| 0 ara d
017 ## - رقم الايداع القانونى
رقم الايداع القانونى 8926
المصدر ( الهيئة المختصة) مصر. دار الكتب
020 ## - الرقم الدولى المعيارى للكتب
الرقم الدولى المعيارى للكتاب 9789777332477
040 ## - مصدر الفهرسة
وكالة الفهرسة الأصلية EG-CaGPL
وكالة النسخ EG-CaGPL
082 04 - رقم تصنيف ديوى العشرى
رقم الطبعة 21
رقم التصنيف 953.078 /
رقم المادة إ م
100 0# - المدخل الرئيسى - إسم شخصى
الإسم الشخصى امام الشافعى محمد حمودى
245 12 - بيان العنوان
العنوان المقاتل المغولى فى التاريخ العسكرى /
بيان المسئوليه,etc امام الشافعى محمد حمودى
260 ## - PUBLICATION, DISTRIBUTION, ETC. (IMPRINT)
تاريخ النشر أو التوزيع 2019.
300 ## - الوصف المادى
التعداد 167 ص. ؛
أبعاد الوعاء 24 سم .
504 ## - تبصرة ببليوجرافية
تبصرة ببليوجرافية,الخ يشتمل على ارجاعات ببليوجرافية
650 07 - المدخل الاضافى بالموضوع-مصطلح موضوعى
مصدر الرأس أو المصطلح qrmak
مصطلح موضوعي المغول والتتار
650 07 - المدخل الاضافى بالموضوع-مصطلح موضوعى
مصدر الرأس أو المصطلح qrmak
مصطلح موضوعي المغول والتتار
التقسيم الفرعي العام تاريخ
650 07 - المدخل الاضافى بالموضوع-مصطلح موضوعى
مصدر الرأس أو المصطلح qrmak
مصطلح موضوعي المغول والتتار
التقسيم الفرعي العام العلوم العسكرية
653 #0 - مصطلح تكشيفى غير مقيد
مصطلح غير مقيد المقاتل المغولى
942 ## - عناصر المدخل الإضافي( كوها)
مصدر التصنيف او مخطط الترفيف Dewey Decimal Classification
Koha [default] item type كتاب
260 ## - PUBLICATION, DISTRIBUTION, ETC. (IMPRINT)
-- الاسكندرية :
-- دار التعليم الجامعى،
Holdings
حالة التراجع حالة الفقد حالة تلف ليس للاعارة المكان المؤقت الموقع الحالى موقع الترفيف تاريخ الاكتساب اجمالي اﻻعارات رقم الطلب الباركود تاريخ اخر مشاهدة تاريخ تفعيل السعر نوع وعاء كوها
        مكتبة القاهرة الكبرى مكتبة القاهرة الكبرى القاعة الرئيسية 07/04/2019   953.078 / إ م 166023 07/04/2019 07/04/2019 كتاب

Powered By

EGPV